Missing Word: Athletes by Vowel Quiz Stats

 Plays Quiz Updated May 7, 2019

Score 0/30 Timer 03:00
1 Play Today
Sport Missing Word % Correct
AAli
98.3%
AArmstrong
96.3%
UUsain
93.1%
AAnna
90.9%
AAaron
86.8%
YYogi
85.6%
YYoung
80.1%
EEwing
78.1%
IIvan
76.4%
EEls
75.7%
YYao
73.4%
OOwens
72.3%
UUnitas
71.6%
IIan
68%
EEvert
67.4%
Sport Missing Word % Correct
OOlga
65.6%
YYamaguchi
63.6%
IIrving
61.9%
OOtt
61.3%
EEric
60.6%
OOscar
60.5%
OOvechkin
53%
UUtley
49.7%
YYastrzemski
48.8%
EEdberg
48.3%
UUnseld
37.7%
AAyrton
34.7%
UUpshaw
30.3%
IIginla
25.6%
IIsinbayeva
8.3%

Today's Daily Dose

Missing Word
Sherlocks

Word Ladder
King of the Hill

Quick Pick
Songs in Pink

Get the Picture
NBA Teammates

You're not logged in!

Compare scores with friends on all Sporcle quizzes.
OR
Log In

Sporcle TV

Today on Sporcle TV


Watch our educational content, quiz creation guides, and fun videos on Sporcle TV.

Show Comments

Extras

Top Quizzes Today


Score Distribution

Your Account Isn't Verified!

In order to create a playlist on Sporcle, you need to verify the email address you used during registration. Go to your Sporcle Settings to finish the process.

Report this User

Report this user for behavior that violates our Community Guidelines.

Details: